000 00599nam a2200217Ii 4500
003 JO-AjNU
008 230606s9999||||xx |||||||||||||| ||und||
020 _a978-81-906285-0-1
040 _aJO-AjNU
_beng
_erda
_cJO-AjNU
041 _aeng
050 1 4 _aQA76.64
100 3 _aSalaria,R.s,
_eauthor
_9212
245 0 0 _aObject-Orinted programming in c++
250 _a3 ed
264 3 1 _aDelhi:Khanna boo;s Publishing
300 _a556p
336 _atext
_btxt
_2rdacontent
337 _aunmediated
_bn
_2rdamedia
338 _avolume
_bnc
_2rdacarrier
650 4 _aobject oriented Technology
_9213
999 _aE112
_c112
_d112